书目信息 |
| 题名: |
管理会计
|
|
| 作者: | 杨惠贞 , 马荣贵 主编 | |
| 分册: | ||
| 出版信息: | 成都 西南财经大学出版社 2001 |
|
| 页数: | 387页 | |
| 开本: | 20cm | |
| 丛书名: | ||
| 单 册: | ||
| 中图分类: | F234.3 , F234.3 | |
| 科图分类: | ||
| 主题词: | 管理会计 , 会计 | |
| 电子资源: | ||
| ISBN: | 7-81055-844-7 | |
| 000 | 00678nam0 2200253 45 | |
| 001 | 0629414521 | |
| 005 | 20061010081328.75 | |
| 010 | @a7-81055-844-7@dCNY19.80 | |
| 100 | @a20030715e20022001em y0chiy0121 ea | |
| 101 | 0 | @achi |
| 102 | @aCN@b510000 | |
| 105 | @ay z 000yy | |
| 106 | @ar | |
| 200 | 1 | @a管理会计@f马荣贵, 杨惠贞主编@Aguan li kuai ji |
| 210 | @a成都@c西南财经大学出版社@d2001@h2002重印 | |
| 215 | @a387页@d20cm | |
| 606 | 0 | @a管理会计 |
| 606 | 0 | @a会计 |
| 690 | @aF234.3@v4 | |
| 690 | @aF234.3@v3 | |
| 701 | 0 | @a杨惠贞@4主编@Ayang hui zhen |
| 701 | 0 | @a马荣贵@4主编@Ama rong gui |
| 801 | 0 | @aCN@b541 @c20061010 |
| 905 | @a10447@dF234.3@e202 | |
| 管理会计/马荣贵, 杨惠贞主编.-成都:西南财经大学出版社,2001(2002重印 ) |
| 387页;20cm |
| ISBN 7-81055-844-7:CNY19.80 |
| ● |
| 相关链接 |
|
|
|
|
正题名:管理会计
索取号:F234.3/202
 
预约/预借
| 序号 | 登录号 | 条形码 | 馆藏地/架位号 | 状态 | 备注 |
| 1 | 0494325 | 204943259 | 密集书库/ [索取号:F234.3/202] | 在馆 |